00617nam a2200193Ii 450000100060000000300090000600800410001502000180005604000330007404100080010708200170011510000280013224500660016026401040022630000120033033600260034233700280036833800270039616417CO-ViMGA241108s9999||||xx |||||||||||||| ||und|| a9789588596563 aCO-ViMGAbspaerdacCO-ViMGA0 aunk04aCo861.5 G18m1 aVíctor Manuel Gaviria10aLa mañana del tiempo y otros poemas :bantología personal 1a[Lugar de publicación no identificado] : Caza de Libros, [Fecha de publicación no identificada] avolumen atextbtxt2rdacontent aunmediatedbn2rdamedia avolumebnc2rdacarrier